[Event "World Championship (tie-breaks)  2015"]
[Site "Sochi RUS"]
[Date "2015.03.22"]
[Round "2"]
[White "Ushenina, Anna"]
[Black "Sebag, Marie"]
[Result "1/2-1/2"]
[WhiteElo "2486"]
[BlackElo "2482"]
[PlyCount "120"]
[EventDate "2015.03.17"]

1. Nf3 d5 2. c4 c6 3. e3 Nf6 4. Nc3 e6 5. b3 Nbd7 6. Bb2 Bd6 7. Qc2 O-O 8. Be2
a6 9. d4 e5 10. Nxd5 cxd5 11. dxe5 Bb4+ 12. Kf1 Ng4 13. cxd5 Ngxe5 14. Nxe5
Nxe5 15. Bxe5 Qxd5 16. Qb2 Ba3 17. Qd4 Qxd4 18. Bxd4 Bd7 19. Bf3 Bb5+ 20. Kg1
Bc6 21. Bxc6 bxc6 22. Kf1 c5 23. Bc3 c4 24. Ke2 Rfc8 25. b4 Rab8 26. Rab1 Rb5
27. Rhd1 f6 28. Kd2 Rd8+ 29. Kc2 Rxd1 30. Rxd1 Bxb4 31. Rb1 Bd6 32. Rd1 Bb4 33.
a4 Rb8 34. Rd4 Bxc3 35. Kxc3 Rb3+ 36. Kxc4 Rb2 37. Rf4 Kf7 38. h4 Ke6 39. Kc3
Ra2 40. Kb4 g5 41. hxg5 fxg5 42. Rf3 h5 43. g3 Rd2 44. Ka5 Rd5+ 45. Kxa6 Rf5
46. Rxf5 Kxf5 47. e4+ Ke5 48. Kb6 h4 49. a5 h3 50. a6 h2 51. a7 h1=Q 52. a8=Q
Qxe4 53. Qe8+ Kf5 54. Qd7+ Ke5 55. Qb5+ Qd5 56. f3 Qxb5+ 57. Kxb5 Kd4 58. Kc6
Ke3 59. f4 gxf4 60. gxf4 Kxf4 1/2-1/2

[Event "World Championship (tie-breaks)  2015"]
[Site "Sochi RUS"]
[Date "2015.03.22"]
[Round "2"]
[White "Huang, Qian"]
[Black "Khotenashvili, Bela"]
[Result "1/2-1/2"]
[WhiteElo "2473"]
[BlackElo "2513"]
[PlyCount "125"]
[EventDate "2015.03.17"]

1. Nf3 Nf6 2. c4 e6 3. g3 d5 4. Bg2 Be7 5. O-O O-O 6. b3 b6 7. Bb2 Bb7 8. cxd5
Bxd5 9. d3 Bb7 10. e4 c5 11. Nc3 Nc6 12. e5 Nd5 13. Nxd5 Qxd5 14. Ng5 Qd7 15.
Ne4 Nd4 16. Qg4 Kh8 17. Rad1 Rad8 18. Rfe1 Qd5 19. h4 Qxe5 20. Nxc5 Nf3+ 21.
Bxf3 Bxf3 22. Qxf3 Qxb2 23. Re2 Qf6 24. Qxf6 gxf6 25. Ne4 f5 26. Ng5 Bf6 27.
Rc2 Rd7 28. Kf1 Rfd8 29. Ke2 Kg7 30. Nf3 h6 31. Rc4 Kf8 32. a4 Ke7 33. Ne1 Rd4
34. Rxd4 Rxd4 35. Rc1 Kd7 36. Nf3 Rb4 37. Nd2 b5 38. axb5 Rxb5 39. Rc4 a5 40.
d4 Be7 41. Kd3 f6 42. Kc2 e5 43. Nf1 Ke6 44. Ne3 exd4 45. Rxd4 Bd6 46. Nc4 Bc5
47. Rd2 Bb4 48. Re2+ Kf7 49. Re3 f4 50. Rf3 fxg3 51. fxg3 h5 52. Kd3 Kg6 53.
Ke4 Rc5 54. Kd4 Rf5 55. Ke4 Rxf3 56. Kxf3 Kf5 57. Ne3+ Ke5 58. g4 hxg4+ 59.
Nxg4+ Kf5 60. Ne3+ Ke5 61. Ng4+ Kf5 62. Ne3+ Ke5 63. Ng4+ 1/2-1/2

[Event "World Championship (tie-breaks)  2015"]
[Site "Sochi RUS"]
[Date "2015.03.22"]
[Round "2"]
[White "Khotenashvili, Bela"]
[Black "Huang, Qian"]
[Result "1/2-1/2"]
[WhiteElo "2513"]
[BlackElo "2473"]
[PlyCount "60"]
[EventDate "2015.03.17"]

1. d4 g6 2. c4 Bg7 3. Nc3 c5 4. d5 d6 5. e4 Nf6 6. h3 O-O 7. Nf3 e5 8. Be2 a6
9. Bg5 Nbd7 10. Qd2 Qa5 11. O-O Kh8 12. a3 Ng8 13. b4 Qc7 14. Be3 b6 15. Ne1 f5
16. exf5 gxf5 17. f4 Qd8 18. bxc5 Nxc5 19. Rb1 Bd7 20. Nd3 e4 21. Nb4 Rc8 22.
Bd4 Bxd4+ 23. Qxd4+ Qf6 24. Qxf6+ Nxf6 25. Nc2 b5 26. cxb5 Nd3 27. Rb3 Nc5 28.
Rbb1 Nd3 29. Rb3 Nc5 30. Rbb1 Nd3 1/2-1/2

[Event "World Championship (tie-breaks)  2015"]
[Site "Sochi RUS"]
[Date "2015.03.22"]
[Round "2"]
[White "Huang, Qian"]
[Black "Khotenashvili, Bela"]
[Result "0-1"]
[WhiteElo "2473"]
[BlackElo "2513"]
[PlyCount "136"]
[EventDate "2015.03.17"]

1. Nf3 Nf6 2. g3 d5 3. Bg2 e6 4. O-O Be7 5. d3 O-O 6. Nbd2 c5 7. b3 Nc6 8. Bb2
Qc7 9. e4 a6 10. Re1 b5 11. Qe2 Bb7 12. h4 Rfe8 13. Nf1 d4 14. N1h2 e5 15. Ng5
h6 16. Nh3 Bc8 17. Bc1 Bd6 18. g4 Nh7 19. Rf1 Qe7 20. f4 Qxh4 21. f5 Ng5 22.
Nxg5 hxg5 23. Nf3 Qxg4 24. Bxg5 f6 25. Bd2 Ra7 26. Qf2 Kf7 27. Nh2 Qh5 28. Bf3
Qh3 29. Bg4 Qh7 30. Kg2 Rh8 31. Nf3 Qg8 32. Nh4 Ne7 33. Rh1 Ke8 34. Qg3 Kd8 35.
Ng6 Nxg6 36. fxg6 Bxg4 37. Qxg4 Rxh1 38. Rxh1 Rd7 39. Rh7 Kc7 40. Ba5+ Kc6 41.
Qh3 Qe8 42. Qh5 Bf8 43. Be1 Qe6 44. Rh8 Rd8 45. Kf3 Kd6 46. Bg3 Re8 47. Bf2 Ke7
48. Bg3 Kd6 49. Bf2 Qd7 50. Rh7 Qe6 51. Rh8 a5 52. a4 bxa4 53. bxa4 Qa2 54. Qh7
Qxc2 55. Qg8 Qxd3+ 56. Kg2 Qxe4+ 57. Kf1 Qxg6 58. Qc4 Qb1+ 59. Be1 Qb7 60. Bxa5
e4 61. Rh5 Re5 62. Rh8 e3 63. Rxf8 e2+ 64. Kf2 Rf5+ 65. Kxe2 Qg2+ 66. Kd3 Rf3+
67. Ke4 Re3+ 68. Kf5 Qg5# 0-1

[Event "World Championship (tie-breaks)  2015"]
[Site "Sochi RUS"]
[Date "2015.03.22"]
[Round "2"]
[White "Khotenashvili, Bela"]
[Black "Huang, Qian"]
[Result "1/2-1/2"]
[WhiteElo "2513"]
[BlackElo "2473"]
[PlyCount "101"]
[EventDate "2015.03.17"]

1. d4 g6 2. g3 Bg7 3. Bg2 d6 4. c3 c6 5. e4 Nd7 6. Ne2 Ngf6 7. Nd2 O-O 8. O-O
e5 9. dxe5 dxe5 10. Nc4 Qe7 11. Qd6 Qxd6 12. Nxd6 Rd8 13. Be3 Bf8 14. Rfd1 Nb6
15. Nxc8 Raxc8 16. b3 Nfd7 17. Bh3 Ra8 18. Bxd7 Nxd7 19. f3 Bc5 20. Kf2 Bxe3+
21. Kxe3 Nc5 22. b4 Na4 23. Rab1 Kf8 24. Rd3 Rxd3+ 25. Kxd3 Ke7 26. Kc2 Nb6 27.
Rd1 a5 28. a3 Nc4 29. Kb3 b5 30. Nc1 axb4 31. Rd3 bxa3 32. Na2 f5 33. Kb4 fxe4
34. fxe4 Rf8 35. Kc5 Rf2 36. Nb4 Na5 37. Kb6 a2 38. Nxa2 Rxa2 39. h4 Ra3 40.
Kc7 Rxc3 41. Rxc3 b4 42. Rc1 b3 43. Kb6 b2 44. Rb1 Nc4+ 45. Kxc6 Nd2 46. Rxb2
Nxe4 47. Kd5 Nxg3 48. Kxe5 Kf7 49. Rb7+ Kg8 50. Kf4 Nf5 51. h5 1/2-1/2

[Event "World Championship (Knockout) 2015"]
[Site "Sochi RUS"]
[Date "2015.03.17"]
[Round "1"]
[White "Cramling, Pia"]
[Black "Hejazipour, Mitra"]
[Result "1-0"]
[WhiteElo "2495"]
[BlackElo "2302"]
[PlyCount "91"]
[EventDate "2015.03.17"]

1. d4 Nf6 2. Nf3 e6 3. Bg5 c5 4. c3 b6 5. e4 h6 6. Bxf6 Qxf6 7. Bd3 Bb7 8. O-O
cxd4 9. cxd4 Nc6 10. Be2 d5 11. exd5 exd5 12. Nc3 Rd8 13. Qb3 Qd6 14. Ne5 Be7
15. Ne4 Qb4 16. Bb5 Qxb3 17. axb3 dxe4 18. Rxa7 Kf8 19. Bxc6 Bc8 20. d5 Bf5 21.
Rd1 f6 22. Nc4 Bc5 23. Rb7 Kg8 24. b4 Bxb4 25. Rxb6 Bc5 26. Rb5 Ba7 27. Rb7 Bb8
28. d6 Kh7 29. d7 Be6 30. Na5 f5 31. Ba4 Be5 32. b4 Bf6 33. g3 Ra8 34. Rd6 Bf7
35. d8=Q Rhxd8 36. Rxd8 Bxd8 37. Rxf7 Bxa5 38. bxa5 Rxa5 39. Bd7 Kg6 40. Be8
Kh7 41. Re7 Ra6 42. h4 h5 43. Bxh5 Kh6 44. Bf7 g6 45. Kg2 g5 46. h5 1-0

[Event "World Championship (Knockout) 2015"]
[Site "Sochi RUS"]
[Date "2015.03.17"]
[Round "1"]
[White "Abrahamyan, Tatev"]
[Black "Harika, Dronavalli"]
[Result "0-1"]
[WhiteElo "2322"]
[BlackElo "2492"]
[PlyCount "114"]
[EventDate "2015.03.17"]

1. e4 e6 2. d4 d5 3. Nd2 Nf6 4. e5 Nfd7 5. Bd3 c5 6. c3 Nc6 7. Ngf3 g6 8. Bc2
Bg7 9. Nb3 b6 10. Bg5 Qc7 11. O-O a5 12. a3 h6 13. Be3 Ne7 14. h4 Bb7 15. h5 c4
16. Nc1 O-O-O 17. a4 Kb8 18. Ne2 Ka8 19. b3 g5 20. b4 f6 21. exf6 Bxf6 22. bxa5
bxa5 23. Ng3 Nc6 24. Re1 Rhg8 25. Nh2 Bg7 26. Bc1 e5 27. Nf5 exd4 28. cxd4 Nf6
29. Ba3 Bf8 30. Re6 Qf7 31. Qe1 Bxa3 32. Nxh6 Qc7 33. Rxa3 Nxd4 34. Nxg8 Nxg8
35. Bb1 Nxe6 36. Qxe6 d4 37. h6 d3 38. Nf1 Qe7 39. Qxe7 Nxe7 40. Nd2 Bd5 41. h7
Ng6 42. Ba2 Ne5 43. Rc3 Ka7 44. Nxc4 Bxc4 45. Bxc4 Nxc4 46. h8=Q Rxh8 47. Rxc4
Rd8 48. Rc1 Rd4 49. Rd1 Kb6 50. f3 Kc5 51. Kf2 Kc4 52. Ke3 Rd5 53. Kd2 Re5 54.
Rc1+ Kd4 55. Rc8 Re2+ 56. Kd1 Rxg2 57. Re8 Rf2 0-1

[Event "World Championship (Knockout) 2015"]
[Site "Sochi RUS"]
[Date "2015.03.18"]
[Round "2"]
[White "Hejazipour, Mitra"]
[Black "Cramling, Pia"]
[Result "0-1"]
[WhiteElo "2302"]
[BlackElo "2495"]
[PlyCount "118"]
[EventDate "2015.03.17"]

1. e4 c5 2. Nf3 e6 3. d4 cxd4 4. Nxd4 a6 5. Bd3 Nf6 6. Qe2 d6 7. c4 Be7 8. Nc3
Bd7 9. f4 Nc6 10. Nf3 Bc8 11. O-O Nd7 12. Be3 O-O 13. Rac1 b6 14. Rfd1 Rb8 15.
a3 g6 16. Kh1 Re8 17. e5 dxe5 18. fxe5 Bf8 19. Bg5 Qc7 20. Nb5 Qb7 21. Nd6 Bxd6
22. exd6 f6 23. Bh4 Nd8 24. b4 Qa8 25. Nd2 Kg7 26. Be4 Bb7 27. c5 bxc5 28. bxc5
Rc8 29. Bxb7 Qxb7 30. Ne4 Rf8 31. Rc3 Nc6 32. Qc4 Nce5 33. Qd4 Nc6 34. Qe3 Rb8
35. Rf1 Qb5 36. Rcc1 Qb3 37. Rc3 Qa2 38. h3 f5 39. Nf2 e5 40. Bg5 Rf7 41. Nd3
a5 42. Nc1 Qd5 43. Qf2 f4 44. Nd3 h6 45. Be7 g5 46. Nb2 e4 47. Qc2 e3 48. Nc4
Qe6 49. Re1 Rb5 50. Nxe3 fxe3 51. Rcxe3 Qg6 52. Qc3+ Kh7 53. Re6 Qf5 54. Bd8
Rxc5 55. Qa1 Nxd8 56. Re8 Re5 57. Re7 Rxe1+ 58. Qxe1 Kg7 59. Qc3+ Qf6 0-1

[Event "World Championship (Knockout) 2015"]
[Site "Sochi RUS"]
[Date "2015.03.18"]
[Round "2"]
[White "Harika, Dronavalli"]
[Black "Abrahamyan, Tatev"]
[Result "1-0"]
[WhiteElo "2492"]
[BlackElo "2322"]
[PlyCount "101"]
[EventDate "2015.03.17"]

1. d4 Nf6 2. Nf3 g6 3. Bg5 Bg7 4. Nbd2 d5 5. e3 O-O 6. Bd3 c5 7. c3 Nbd7 8. O-O
b6 9. Qe2 Bb7 10. Rad1 Ne4 11. Bh4 h6 12. Ba6 Bxa6 13. Qxa6 g5 14. Bg3 Nxg3 15.
hxg3 Qc7 16. Qe2 Rac8 17. e4 e6 18. exd5 exd5 19. Rfe1 Nf6 20. Qd3 Qb7 21. Nf1
c4 22. Qf5 b5 23. a3 a5 24. Ne3 b4 25. axb4 axb4 26. Ne5 Rcd8 27. N5g4 Nxg4 28.
Nxg4 Rd6 29. Ne3 Rfd8 30. Qc2 Rb6 31. Qe2 bxc3 32. bxc3 Rb3 33. Rc1 Rb6 34. Nf5
Re6 35. Qc2 Rde8 36. Rxe6 Rxe6 37. Rb1 Qc7 38. Ne3 Qa5 39. Rb7 Qa6 40. Qb1 Qc6
41. Qb5 Qd6 42. Qd7 Qxd7 43. Rxd7 Rb6 44. g4 Rb1+ 45. Kh2 Rb3 46. Nxd5 Bf8 47.
g3 Rb5 48. Nf6+ Kg7 49. Ne4 Rb2 50. Kg2 Ra2 51. Rc7 1-0

[Event "World Championship (Knockout) 2015"]
[Site "Sochi RUS"]
[Date "2015.03.20"]
[Round "3"]
[White "Arakhamia-Grant, Ketevan"]
[Black "Cramling, Pia"]
[Result "1/2-1/2"]
[WhiteElo "2379"]
[BlackElo "2495"]
[PlyCount "61"]
[EventDate "2015.03.17"]

1. e4 c5 2. Nf3 e6 3. d4 cxd4 4. Nxd4 Nc6 5. Nc3 Qc7 6. f4 Nxd4 7. Qxd4 b6 8.
Be3 Bb7 9. Be2 Nf6 10. Bf3 Bc5 11. Qd3 Bb4 12. O-O Bxc3 13. bxc3 d5 14. exd5
Bxd5 15. Bd4 Bc4 16. Qe3 Nd5 17. Bxd5 Bxd5 18. f5 O-O-O 19. fxe6 Bxe6 20. a4
Rhe8 21. a5 bxa5 22. Qg5 f6 23. Qxa5 Qxa5 24. Rxa5 Rd7 25. Rfa1 Kd8 26. Rxa7
Rxa7 27. Rxa7 Re7 28. Ra8+ Kc7 29. Ra7+ Kd8 30. Ra8+ Kc7 31. Ra7+ 1/2-1/2

[Event "World Championship (Knockout) 2015"]
[Site "Sochi RUS"]
[Date "2015.03.20"]
[Round "3"]
[White "Harika, Dronavalli"]
[Black "Krush, Irina"]
[Result "1/2-1/2"]
[WhiteElo "2492"]
[BlackElo "2477"]
[PlyCount "55"]
[EventDate "2015.03.17"]

1. e4 c5 2. Nf3 e6 3. d4 cxd4 4. Nxd4 a6 5. Be2 Nf6 6. Nc3 Bb4 7. O-O d6 8. Qd3
O-O 9. Bg5 Nbd7 10. Nb3 b6 11. Qd4 Bxc3 12. bxc3 Qc7 13. Rad1 Bb7 14. Qxd6 Qxc3
15. f3 Rac8 16. Bxf6 Nxf6 17. Qxb6 Qxc2 18. Rd2 Qc7 19. Qxc7 Rxc7 20. Rfd1 g5
21. Rd6 Ra8 22. Na5 Bc8 23. Rd8+ Kg7 24. Nc4 Raa7 25. a4 Bd7 26. Nb6 a5 27.
Nxd7 Nxd7 28. Bb5 1/2-1/2

[Event "World Championship (Knockout) 2015"]
[Site "Sochi RUS"]
[Date "2015.03.21"]
[Round "4"]
[White "Cramling, Pia"]
[Black "Arakhamia-Grant, Ketevan"]
[Result "1-0"]
[WhiteElo "2495"]
[BlackElo "2379"]
[PlyCount "81"]
[EventDate "2015.03.17"]

1. d4 d5 2. Nf3 Nf6 3. c4 e6 4. Bg5 Nbd7 5. e3 h6 6. Bh4 Be7 7. Nc3 O-O 8. Rc1
c5 9. cxd5 Nxd5 10. Bxe7 Nxe7 11. Be2 b6 12. O-O Bb7 13. Qa4 cxd4 14. Nxd4 Nc5
15. Qa3 Nd5 16. Bf3 Nxc3 17. Bxb7 Nxb7 18. Qxc3 Nc5 19. b4 Ne4 20. Qc2 Nf6 21.
Nc6 Qc7 22. h3 a6 23. Qb2 Qb7 24. Rc2 Rac8 25. Rfc1 Rc7 26. a4 Rd7 27. Ne5 Re7
28. Rc6 Rd8 29. b5 axb5 30. axb5 Ne4 31. Qc2 Nc5 32. Nc4 Nd3 33. Nd6 Qb8 34.
Qxd3 Red7 35. Rd1 f6 36. f4 Kf8 37. e4 Qa7 38. e5 Qa4 39. Rf1 f5 40. Qc4 Qxc4
41. Rxc4 1-0

[Event "World Championship (Knockout) 2015"]
[Site "Sochi RUS"]
[Date "2015.03.21"]
[Round "4"]
[White "Krush, Irina"]
[Black "Harika, Dronavalli"]
[Result "1/2-1/2"]
[WhiteElo "2477"]
[BlackElo "2492"]
[PlyCount "100"]
[EventDate "2015.03.17"]

1. c4 Nf6 2. Nc3 e6 3. e4 d5 4. e5 d4 5. exf6 dxc3 6. bxc3 Qxf6 7. d4 e5 8. Nf3
Nc6 9. Bg5 Qg6 10. d5 Nb8 11. h4 h6 12. h5 Qd6 13. Be3 Nd7 14. Bd3 Be7 15. Nh4
Bxh4 16. Rxh4 O-O 17. Rg4 Nc5 18. Rg3 Nxd3+ 19. Qxd3 b6 20. Kf1 f5 21. Rg6 Rf6
22. Rxf6 Qxf6 23. f3 Ba6 24. Kg1 Rd8 25. a4 c6 26. Qc2 Bxc4 27. dxc6 Rc8 28. a5
Rxc6 29. axb6 axb6 30. Ra8+ Kh7 31. Bf2 Bg8 32. Re8 Re6 33. Rxe6 Bxe6 34. Bxb6
Bf7 35. Bc7 Bxh5 36. Qd3 Bf7 37. Qe3 e4 38. fxe4 Qe7 39. Bb6 fxe4 40. Bd4 Qe6
41. Qg3 g5 42. Kf2 Qf5+ 43. Kg1 Kg6 44. Qd6+ Qe6 45. Qc5 Kh5 46. Kh2 Qg4 47.
Kg1 Qd1+ 48. Kh2 Qg4 49. Kg1 Qd1+ 50. Kh2 Qg4 1/2-1/2

[Event "World Championship (Knockout) 2015"]
[Site "Sochi RUS"]
[Date "2015.03.24"]
[Round "6"]
[White "Galliamova, Alisa"]
[Black "Koneru, Humpy"]
[Result "0-1"]
[WhiteElo "2484"]
[BlackElo "2580"]
[PlyCount "106"]
[EventDate "2015.03.17"]

1. Nf3 Nf6 2. c4 e6 3. e3 b6 4. b3 Bb7 5. Bb2 d5 6. d4 Be7 7. Bd3 O-O 8. O-O c5
9. Nbd2 Nbd7 10. Qe2 Rc8 11. Rac1 Rc7 12. Ne5 cxd4 13. exd4 dxc4 14. bxc4 Nxe5
15. Qxe5 Bd6 16. Qe2 Bf4 17. Rc2 b5 18. c5 Nd5 19. Nf3 Nb4 20. Rc3 Nxd3 21.
Qxd3 b4 22. Rc2 e5 23. d5 Qxd5 24. Qxd5 Bxd5 25. Bxe5 Bxe5 26. Nxe5 f6 27. Rd2
Be6 28. Nd3 Rd8 29. Rfd1 a5 30. f3 Bf5 31. Kf2 Rxd3 32. Rxd3 Bxd3 33. Rxd3 Rxc5
34. a3 bxa3 35. Rxa3 Kf7 36. Ke3 Ke6 37. Rb3 Kd6 38. Rb8 Rc2 39. g4 Kc7 40. Rg8
g6 41. h4 Kb7 42. Rf8 a4 43. Rxf6 a3 44. Rd6 a2 45. Rd1 Rc4 46. Ra1 Ra4 47. f4
Kc6 48. Kf3 Kd5 49. g5 Kc4 50. f5 gxf5 51. Kf4 Kb3+ 52. Kxf5 Rxh4 53. Rg1 Ra4
0-1

[Event "World Championship (Knockout) 2015"]
[Site "Sochi RUS"]
[Date "2015.03.24"]
[Round "6"]
[White "Pogonina, Natalija"]
[Black "Sebag, Marie"]
[Result "1-0"]
[WhiteElo "2456"]
[BlackElo "2482"]
[PlyCount "134"]
[EventDate "2015.03.17"]

1. d4 d5 2. c4 c6 3. Nf3 Nf6 4. Nc3 e6 5. e3 Nbd7 6. Qc2 Bd6 7. Bd3 O-O 8. O-O
e5 9. cxd5 cxd5 10. e4 exd4 11. Nxd5 Nxd5 12. exd5 h6 13. Rd1 Nf6 14. h3 Nxd5
15. Bh7+ Kh8 16. Rxd4 Nf6 17. Bf4 Nxh7 18. Bxd6 Re8 19. Qb3 Kg8 20. Ne5 Qf6 21.
Rad1 Ng5 22. h4 Ne6 23. Re4 Nf4 24. Qa4 b5 25. Qxb5 Be6 26. Qa4 Ng6 27. Nxg6
Qxg6 28. Rde1 Red8 29. Be5 Rac8 30. a3 Kh7 31. Bc3 Bd7 32. Qxa7 Bc6 33. h5 Qg5
34. Qxf7 Bxe4 35. Rxe4 Rd1+ 36. Kh2 Rc5 37. Qg6+ Qxg6 38. hxg6+ Kxg6 39. Re7
Rh5+ 40. Kg3 Rg5+ 41. Kf3 Rd3+ 42. Ke2 Rxc3 43. bxc3 Rxg2 44. Re3 Rh2 45. c4
Rh4 46. Kd3 Rf4 47. c5 Kf7 48. Re2 Ra4 49. c6 Rxa3+ 50. Kd4 Ra1 51. Rc2 Rd1+
52. Ke5 Re1+ 53. Kd6 Rd1+ 54. Kc7 Re1 55. Kc8 h5 56. c7 Re7 57. Kd8 Rxc7 58.
Kxc7 Kf6 59. Kd6 Kf5 60. Rc5+ Kg4 61. f3+ Kxf3 62. Rxh5 Kf4 63. Rh4+ Kf5 64.
Kd5 g5 65. Rh8 Kf4 66. Kd4 g4 67. Rf8+ Kg3 1-0

[Event "World Championship (Knockout) 2015"]
[Site "Sochi RUS"]
[Date "2015.03.24"]
[Round "6"]
[White "Javakhishvili, Lela"]
[Black "Muzychuk, Anna"]
[Result "0-1"]
[WhiteElo "2481"]
[BlackElo "2552"]
[PlyCount "92"]
[EventDate "2015.03.17"]

1. d4 Nf6 2. c4 e6 3. Nf3 b6 4. g3 Ba6 5. Qa4 Bb7 6. Bg2 c5 7. dxc5 bxc5 8. O-O
Be7 9. Nc3 O-O 10. Rd1 Qb6 11. Bf4 Rd8 12. Rd2 Nc6 13. Rad1 Na5 14. Ne1 Bxg2
15. Nxg2 Nc6 16. Qb5 d5 17. cxd5 Nxd5 18. Qxb6 axb6 19. Nxd5 exd5 20. Rxd5 Rxd5
21. Rxd5 Rxa2 22. Ne3 Rxb2 23. Rd7 g5 24. Bc7 Kf8 25. Nd5 Ke8 26. Nxb6 Nd4 27.
Bd6 Bd8 28. Bxc5 Ne6 29. Rxd8+ Kxd8 30. Be3 Rxe2 31. Nd5 f5 32. Nf6 Ke7 33.
Nxh7 f4 34. Bb6 Rb2 35. Ba5 f3 36. h3 Kf7 37. h4 g4 38. Bc3 Rb1+ 39. Kh2 Rf1
40. Nf6 Rxf2+ 41. Kg1 Rg2+ 42. Kf1 Rxg3 43. h5 Ng5 44. Nd7 Ke6 45. Nf8+ Kf5 46.
Ng6 Rh3 0-1

[Event "World Championship (Knockout) 2015"]
[Site "Sochi RUS"]
[Date "2015.03.24"]
[Round "6"]
[White "Cmilyte, Viktorija"]
[Black "Arabidze, Meri"]
[Result "1/2-1/2"]
[WhiteElo "2530"]
[BlackElo "2374"]
[PlyCount "135"]
[EventDate "2015.03.17"]

1. d4 Nf6 2. c4 e6 3. Nf3 Bb4+ 4. Nbd2 O-O 5. a3 Be7 6. e4 d6 7. Be2 Nfd7 8.
O-O e5 9. d5 a5 10. b3 Nc5 11. Bb2 f5 12. b4 Nxe4 13. Nxe4 fxe4 14. Nd2 axb4
15. axb4 Rxa1 16. Bxa1 Bf5 17. Bg4 Qd7 18. Bxf5 Qxf5 19. Qc2 e3 20. Qxf5 Rxf5
21. fxe3 Rxf1+ 22. Kxf1 Nd7 23. Ke2 Kf7 24. Kd3 Nf6 25. e4 Nd7 26. Nf3 Ke8 27.
Bb2 Kd8 28. Bc1 h6 29. Bb2 b6 30. Bc1 Kc8 31. h3 Kb7 32. Be3 Ka6 33. g4 b5 34.
g5 hxg5 35. Bxg5 Bf6 36. h4 bxc4+ 37. Kxc4 Nb6+ 38. Kd3 Nd7 39. Bxf6 Nxf6 40.
Ng5 Kb5 41. Ne6 Kxb4 42. Nxc7 Nh5 43. Ke3 Kc5 44. Ne8 Nf4 45. Kf3 Nh5 46. Kg4
g6 47. Kf3 Nf4 48. Nc7 Kc4 49. Ne8 Kc5 50. Kg4 Nh5 51. Kg5 Nf4 52. Kf6 Nxd5+
53. Kxg6 Nf4+ 54. Kf5 d5 55. exd5 Kxd5 56. Nf6+ Kd6 57. Ng4 Nd3 58. Kf6 Nf4 59.
Kf5 Nd3 60. Ke4 Nc5+ 61. Kf5 Nd3 62. h5 Ke7 63. h6 Kf7 64. Ne3 Nf4 65. Nc4 Kg8
66. Nd6 Kh7 67. Nf7 Ng6 68. Nxe5 1/2-1/2

[Event "World Championship (Knockout) 2015"]
[Site "Sochi RUS"]
[Date "2015.03.24"]
[Round "6"]
[White "Harika, Dronavalli"]
[Black "Kosteniuk, Alexandra"]
[Result "0-1"]
[WhiteElo "2492"]
[BlackElo "2529"]
[PlyCount "102"]
[EventDate "2015.03.17"]

1. d4 Nf6 2. Nf3 e6 3. c4 Nc6 4. a3 d6 5. Nc3 g6 6. g3 Bg7 7. Bg2 O-O 8. O-O
Re8 9. e4 e5 10. dxe5 Nxe5 11. Nxe5 Rxe5 12. Be3 a5 13. Bd4 Re8 14. h3 Be6 15.
Nd5 a4 16. Nxf6+ Bxf6 17. Rc1 Ra5 18. f4 b6 19. Rf2 h5 20. Rc3 Bxd4 21. Qxd4
Rc5 22. Kh2 Qd7 23. Bf1 Qe7 24. Rcf3 Bc8 25. Bd3 Ba6 26. f5 g5 27. f6 Qe5 28.
Qe3 Bb7 29. h4 Re6 30. hxg5 Bxe4 31. Rf4 Bxd3 32. Qxd3 Qxg5 33. Qf3 Rce5 34.
Qg2 Re1 35. Rf5 Qg4 36. R5f4 Qg6 37. Rf5 Re8 38. Qh3 R8e2 39. Qg2 Rxb2 40. Rxb2
Qxf5 41. Re2 Rf1 42. Qa8+ Kh7 43. Qxa4 Qxf6 44. Qc2+ Kg7 45. Qd2 h4 46. Rg2 Kf8
47. Qd5 hxg3+ 48. Rxg3 Qh4+ 49. Rh3 Qf4+ 50. Rg3 Rf2+ 51. Kh3 Qh6+ 0-1

[Event "World Championship (Knockout) 2015"]
[Site "Sochi RUS"]
[Date "2015.03.24"]
[Round "6"]
[White "Gunina, Valentina"]
[Black "Cramling, Pia"]
[Result "1/2-1/2"]
[WhiteElo "2528"]
[BlackElo "2495"]
[PlyCount "233"]
[EventDate "2015.03.17"]

1. d4 Nf6 2. c4 e6 3. Nc3 Bb4 4. Qc2 O-O 5. a3 Bxc3+ 6. Qxc3 d6 7. Bg5 Nbd7 8.
e3 b6 9. Nf3 Bb7 10. Nd2 Rc8 11. Bd3 c5 12. O-O h6 13. Bh4 cxd4 14. exd4 b5 15.
b3 Qb6 16. Qb2 bxc4 17. Nxc4 Qc6 18. f3 Ba6 19. Rac1 d5 20. Ne5 Qb6 21. Bxa6
Qxa6 22. Bxf6 Nxf6 23. b4 Qb7 24. Rc5 Nd7 25. Nxd7 Qxd7 26. Rfc1 Rb8 27. b5 Rb7
28. Rc6 Qd8 29. Qb4 Qh4 30. g3 Qh5 31. Kg2 e5 32. Re1 e4 33. fxe4 dxe4 34. Rxe4
Rd8 35. Rc5 Qd1 36. d5 Rbd7 37. Qd4 Qb3 38. Re5 Qxa3 39. Qc4 Qa1 40. Rf5 Qb2+
41. Rf2 Qe5 42. Re2 Qf5 43. Rd2 Qg5 44. Rd1 Kh7 45. Qd3+ Qg6 46. Qe3 Qb6 47.
Qe4+ Qg6 48. Qc4 Qf5 49. Rd2 Qg5 50. Qc2+ Qg6 51. Qa4 Qg5 52. Qd4 Qg6 53. h4
Rd6 54. Qe5 f6 55. Qf4 h5 56. Qc4 Qf5 57. Rf2 Qg6 58. Kh2 R8d7 59. Qa2 Qe4 60.
Re2 Qf5 61. Rd2 Qe4 62. Qb3 Rd8 63. Rc4 Qf5 64. Rf4 Qg6 65. Qf3 Kg8 66. Rfd4
Rc8 67. Re4 Qf7 68. Qf5 Rcd8 69. Red4 Qd7 70. Qxh5 Qxb5 71. Re4 Rf8 72. Re7 Rd7
73. Rxd7 Qxd7 74. d6 f5 75. Qf3 Rf6 76. Qd5+ Kh7 77. Qe5 f4 78. gxf4 Rh6 79. f5
Rxh4+ 80. Kg3 Qa4 81. d7 Qg4+ 82. Kf2 Rh3 83. Re2 Rf3+ 84. Ke1 Qb4+ 85. Rd2
Qb1+ 86. Rd1 Rf1+ 87. Kxf1 Qxd1+ 88. Kf2 Qxd7 89. Ke3 Kg8 90. Qc5 Kf7 91. Qc4+
Kf8 92. Ke4 Qe7+ 93. Kf3 Qd7 94. Kf4 Qd6+ 95. Ke4 Qe7+ 96. Kf3 Qd7 97. Qb4+ Kf7
98. Kf4 Qc7+ 99. Kg4 Qb6 100. Qc4+ Kf8 101. Qc8+ Kf7 102. Qd7+ Kf8 103. Qd3 a5
104. Qc2 Qb4+ 105. Kh5 Qb6 106. Qc4 Qh6+ 107. Kg4 Qb6 108. Qd5 Qg1+ 109. Kf4
Qf2+ 110. Ke5 Qe3+ 111. Kd6 Qb6+ 112. Kd7 Qa7+ 113. Kc8 Qa6+ 114. Kc7 Qa7+ 115.
Kd6 Qb6+ 116. Kd7 Qa7+ 117. Kd6 1/2-1/2

[Event "World Championship (Knockout) 2015"]
[Site "Sochi RUS"]
[Date "2015.03.24"]
[Round "6"]
[White "Khotenashvili, Bela"]
[Black "Zhao, Xue"]
[Result "1/2-1/2"]
[WhiteElo "2513"]
[BlackElo "2527"]
[PlyCount "169"]
[EventDate "2015.03.17"]

1. Nf3 d5 2. c4 e6 3. d4 Nf6 4. Nc3 Bb4 5. cxd5 exd5 6. Bg5 h6 7. Bh4 Nbd7 8.
e3 g5 9. Bg3 Ne4 10. Qc2 Nb6 11. Bd3 Qe7 12. O-O Bxc3 13. bxc3 Bf5 14. Nd2 O-O
15. Nxe4 Bxe4 16. f3 Bxd3 17. Qxd3 Rae8 18. Rae1 f5 19. Re2 Nc4 20. Rfe1 Rf6
21. h4 Qh7 22. Be5 Nxe5 23. dxe5 Rxe5 24. f4 Re7 25. Qxd5+ Qf7 26. Qxb7 c6 27.
Qa6 gxh4 28. Rd1 Kh7 29. Qa3 Rfe6 30. Rd6 Rxe3 31. Rxe3 Rxe3 32. Qc5 Re6 33.
Rd8 Rg6 34. Qd4 Rg7 35. Qd3 Qg6 36. Qf3 Qg4 37. Qxc6 h3 38. Rd2 Qxf4 39. Rd7
Qe3+ 40. Kh2 Qg3+ 41. Kg1 Qe3+ 42. Kh2 hxg2 43. Rxg7+ Kxg7 44. Qxg2+ Kf6 45.
Qa8 Qd2+ 46. Kg1 Qc1+ 47. Kf2 Qb2+ 48. Kf1 Qb1+ 49. Kf2 Qxa2+ 50. Kf3 Qf7 51.
Qd8+ Kg6 52. Qd6+ Qf6 53. Qc5 a6 54. c4 Qc3+ 55. Kf2 Qd2+ 56. Kf3 Qd3+ 57. Kf2
a5 58. Qb6+ Kg5 59. c5 Qd4+ 60. Kf3 a4 61. Qc7 Qc3+ 62. Kf2 Kg4 63. Qc6 Qd2+
64. Kg1 a3 65. Qa4+ f4 66. Qc4 a2 67. Qe6+ Kg3 68. Qg6+ Kf3 69. Qc6+ Ke2 70.
Qa6+ Kd1 71. Qa4+ Ke1 72. c6 f3 73. Qe4+ Qe2 74. Qb4+ Kd1 75. Qb3+ Kc1 76. Qc3+
Kb1 77. Qb3+ Ka1 78. Qc3+ Kb1 79. Qb3+ Qb2 80. Qd1+ Qc1 81. Qxc1+ Kxc1 82. c7
a1=Q 83. c8=Q+ Kd2+ 84. Kf2 Qc3 85. Qxc3+ 1/2-1/2

[Event "World Championship (Knockout) 2015"]
[Site "Sochi RUS"]
[Date "2015.03.24"]
[Round "6"]
[White "Muzychuk, Mariya"]
[Black "Stefanova, Antoaneta"]
[Result "1/2-1/2"]
[WhiteElo "2526"]
[BlackElo "2522"]
[PlyCount "133"]
[EventDate "2015.03.17"]

1. e4 g6 2. d4 Bg7 3. Nc3 d6 4. Be3 c6 5. Qd2 b5 6. h4 Nf6 7. f3 h5 8. a4 b4 9.
Nd1 Qa5 10. c3 Na6 11. Nh3 Bxh3 12. Rxh3 Rb8 13. Bd3 O-O 14. Ke2 Rb7 15. Rh1 c5
16. Nf2 Rc8 17. Bb5 bxc3 18. bxc3 cxd4 19. cxd4 Nb4 20. Rhc1 Rbc7 21. Rxc7 Rxc7
22. Bd3 Nd7 23. Rb1 Nc6 24. Qxa5 Nxa5 25. Bb5 Nb6 26. Kd3 Nac4 27. Bc1 e6 28.
Nd1 d5 29. exd5 exd5 30. Ne3 Nd6 31. Ba3 Nxb5 32. axb5 Bf8 33. Bxf8 Kxf8 34. g4
hxg4 35. fxg4 Kg7 36. Ra1 Kh6 37. Ra2 Kg7 38. Ra1 Rb7 39. Rb1 Kf8 40. Rb2 Kg7
41. Rb1 Rb8 42. Rb2 Rh8 43. Rh2 Kf8 44. Rh1 Ke8 45. Rh2 Kd7 46. h5 Rh6 47. Ra2
gxh5 48. Rxa7+ Ke8 49. Nf5 Rf6 50. Ng7+ Kf8 51. Nxh5 Rf3+ 52. Ke2 Rb3 53. Nf6
Rxb5 54. Rb7 Kg7 55. Nd7 Na4 56. Rxb5 Nc3+ 57. Ke3 Nxb5 58. Nb6 Nc7 59. g5 Kg6
60. Kf4 Ne6+ 61. Kg4 Nxg5 62. Nxd5 Ne6 63. Nf4+ Kf6 64. Nxe6 Kxe6 65. Kf4 Kd5
66. Kf5 Kxd4 67. Kf6 1/2-1/2